| 000 | 00000nam 2200000za 4500 |
| 001 | 9.843369 |
| 003 | CaOODSP |
| 005 | 20221107152516 |
| 007 | cr ||||||||||| |
| 008 | 170912s2017 onc o f000 0 fre d |
| 040 | |aCaOODSP|bfre |
| 043 | |an-cn--- |
| 086 | 1 |aFR5-121/2017F-PDF |
| 245 | 00|aFiche-conseil en gestion axée sur les résultats n° 2.2 |h[ressource électronique] : |bstructure syntaxique des énoncés de résultats, d’extrants et d’activités. |
| 260 | |a[Ottawa] : |bAffaires mondiales Canada, |c2017. |
| 300 | |a5 p. |
| 500 | |aPubl. aussi en anglais sous le titre : Results-based management tip sheet 2.2 : syntax structure of outcome, output and activity statements. |
| 500 | |aTitre de départ. |
| 500 | |a« Dernière mise à jour : juillet 2017 » -- P. 5. |
| 500 | |aLa présente fiche-conseil accompagne La gestion axée sur les résultats appliquée aux programmes d’aide internationale : un guide pratique. Veuillez consulter FR5-116/2016F-PDF. |
| 520 | |a« La présente fiche-conseil accompagne Les outils de la Gestion axée sur les résultats d'Affaires mondiales Canada : Guide pratique. Cet outil approfondit la discussion sur la structure des énoncés des résultats et d’extrants présentée dans le Guide pratique et offre un outil de référence que vous pouvez utiliser dans votre travail de tous les jours. Le présent outil peut être utilisé pour élaborer et évaluer des énoncés de résultats. Il peut servir d’outil de validation informelle pour vous aider à déterminer si les énoncés identifient clairement le qui, le quoi et le où se rapportant au changement attendu. Ceci aide à assurer des résultats concrets, réalistes et ciblés. Cet outil peut être utilisé de façon similaire pour les énoncés d’extrants. » |
| 692 | 07|2gccst|aCoopération internationale |
| 692 | 07|2gccst|aGestion de programme |
| 692 | 07|2gccst|aGestion de projet |
| 692 | 07|2gccst|aOutil de gestion |
| 710 | 1 |aCanada.|bAffaires mondiales Canada.|bCentre d'excellence de la gestion axée sur les résultats. |
| 775 | 08|tResults-based management tip sheet 2.2 |w(CaOODSP)9.843368 |
| 856 | 40|qPDF|s604 Ko|uhttps://publications.gc.ca/collections/collection_2017/amc-gac/FR5-121-2017-fra.pdf |